| 000 | 01751 a2200265 4500 | ||
|---|---|---|---|
| 001 | 24289 | ||
| 005 | 20260407155527.0 | ||
| 008 | 260407a2013 arg spa d | ||
| 003 | AR-UNSa-BCEJYS | ||
| 040 |
_aAR-UNSa-BCEJYS _bspa _cAR-UNSa-BCEJYS |
||
| 080 |
_a519.2 _xProbabilidades y estadística matemática |
||
| 245 | 1 | 0 | _aEstadística para administración y economía |
| 020 | _a978-84-15552-20-8 | ||
| 250 | _a8a. ed. | ||
| 264 | 1 |
_aMadrid : _bPearson Educación _c2013 |
|
| 300 |
_axxvi, 852 p. _c27 cm. |
||
| 505 | _a1. La utilización de gráficos para describir datos - 2. La utilización de medidas numéricas para describir datos - 3. El azar: métodos de probabilidad - 4. Distribuciones de probabilidad discretas - 5. Distribuciones de probabilidad continua - 6. Distribuciones de estadísticos muestrales - 7. Estimación de intervalos de confianza: una población - 8. Estimación de intervalos de confianza: otros temas - 9. Contrastes de hipótesis de una población - 10. Contraste de hipótesis de dos poblaciones - 11. Análisis de regresión con dos variables - 12. Analisis de regresión con múltiples variables - 13. Otros temas del análisis de regresión - 14. Introducción a la estadística no paramétrica - 15. Análisis de la varianza - 16. Predicción con modelos de series temporales - 17. Muestreo: estratificado, por conglomerados y otros métodos de muestreo | ||
| 942 | _cBK | ||
| 590 | _aniveau_biblio:m niveau_hierar:0 | ||
| 100 | 1 | _aNewbold, Paul | |
| 700 | 1 | _aCarlson, William L. | |
| 700 | 1 | _aRabasco, María Esther | |
| 700 | 1 | _aThorne, Betty M. | |
| 856 | 4 | 1 |
_uhttps://biblioeco.unsa.edu.ar/pmb/images/libros/Estadistivas para administracion y economia2-l119640.jpg _yImagen de portada _qimage/jpeg |
| 999 |
_c1171 _d1171 |
||